000 00264nam a22001217a 4500
008 181101b xxu||||| |||| 00| 0 eng d
041 _aeng
080 _23rd
_a591
100 _a7
101 _aZOO
245 _aThe Vertebrate Body
_cRomer,A.Sh
942 _2udc
_cBK
999 _c51494
_d51494